01938naa a2200205 a 450000100080000000500110000800800410001910000200006024501260008026000090020652012810021565300150149665300210151165300240153265300280155670000180158470000190160270000220162177300890164310656932009-08-19 2002 bl uuuu u00u1 u #d1 aSALOMAO, L.C.C. aPropaga????o por estaquia dos maracujazeiros doce (Passiflora alata Dryand.) e amarelo (P. edulis f. flavicarpa O. Deg.). c2002 aA estaquia ?? uma das t??cnicas de propaga????o vegetativa do maracujazeiro que permite a obten????o de pomares uniformes, bem como de porta-enxertos que confiram ganhos de produtividade e/ou resist??ncia a pragas e doen??as. Por??m, as informa????es sobre o melhor tipo de estaca a ser usado n??o s??o conclusivas. Com o objetivo de avaliar o desempenho de v??rios tipos de estacas, como material para forma????o de mudas de maracujazeiros, foi conduzido um experimento no Setor de Fruticultura da Universidade Federal de Vi??osa. Os fatores em estudo foram estacas apicais, medianas e basais do ??ltimo surto de crescimento dos maracujazeiros doce (Passiflora alata Dryand.) e amarelo (P. edulis f. flavicarpa O. Deg.). Cinq??enta dias ap??s o in??cio do experimento, foram avaliados a percentagem de enraizamento, o n??mero de ra??zes, o comprimento da maior raiz, a massa seca do sistema radicular, o comprimento e a ??rea do sistema radicular, e a massa seca da parte a??rea. Estacas das posi????es basal e mediana apresentaram maior potencial de enraizamento e maior crescimento do sistema radicular. Embora n??o tenham diferido quanto ?? percentagem de enraizamento e ao n??mero de ra??zes, o maracujazeiro-doce apresentou sistema radicular mais vigoroso que o amarelo. aflavicarpa aPassiflora alata aPassiflora edulis f aPropaga????o vegetativa1 aPEREIRA, W.E.1 aDUARTE, R.C.C.1 aSIQUEIRA, D.L.de. tRevista Brasileira de Fruticultura, Jaboticabalgv. 24, n. 1, p. 163-167, abr. 2002.